000 00433cam a2200145 a 4500
020 _a9781604132274
020 _a1604132272
050 0 0 _aRC125
_b.G85 2010
100 1 _aGuilfoile, Patrick.
245 1 0 _aChicken pox /
_cPatrick Guilfoile ; consulting editor, Hilary Babcock ; foreword by David Heymann.
260 _aNew York :
_bChelsea House,
_cc2010.
300 _a111 p. :
650 0 _vJuvenile literature.
942 _2lcc
_cGEN
999 _c14177
_d14177